MDQL
is popping MORE tags! Check the
thread
!
Quizzes
Events
Quiz Creation
Community
Videos
Private Events
Remove Ads
Sign In
Join for FREE
Feedback
Dark Mode
Quiz Categories
Sports
Geography
Music
Movies
Television
Just For Fun
Miscellaneous
History
Literature
Language
Science
Gaming
Entertainment
Religion
Holiday
For Kids
Quiz Lab
Recent
Popular Today
Quiz Kudos Today
Editor Picks
Curator Picks
Quizzes by...
Day
Popularity
Type
Ratings
Length
Year
Community
Subscriptions
Recent Discussions
Orange Saloon
Badges
Playlists
Quests
Create
Leaderboards
Showdown
Live 5
Trivia Bingo
Activity
Puzzle Library
Sporcle Events
Private Events
Virtual Trivia
Globe League
Become a Host
Pub Owners
SporcleCon
Opinionation
Our Games
Videos
Blog
Mobile Apps
Partnerships
Remove Ads and Go Orange
Feedback
Music
Pop Music
The Beatles
Song
Album
Lyrics
Bands
Singers
Artist
Clip
Rock
Rap
Classical
Billboard
Country Music
Kpop
Taylor Swift
Music
Pop Music
The Beatles
Song
Album
Lyrics
Bands
Singers
Artist
Clip
Rock
Rap
Classical
Billboard
Country Music
Kpop
Taylor Swift
Random Quiz
Search Sporcle
×
Quiz Lab
Quiz Lab
Music
Bands
Select answers by clicking on text or image buttons
Select answers by clicking on text or image buttons
Clickable
Best Score? Go Orange.
Rock Band Members Stats
Can you pick the members of each rock band?
By
boromir
10m
50 Questions
154 Plays
154 Plays
154 Plays
Comments
Comments
Give Quiz Kudos
Give Quiz Kudos
-
- Ratings
hide this ad
More Info
Forced Order
Answers have to be entered in order
Answers have to be entered in order
Replay
Link that replays current quiz
Next Quiz
Link to next quiz in quiz playlist
You Got
0%
They Got
Avg Score
77%
Avg Friend Score
Upgrade to see
Score Distribution
Jump to the score distribution portion of the page
Score
0/50
Timer
10:00
0
Plays Today
% Correct
Jimmy Page
97.4%
Paul McCartney
96.1%
John Lennon
96.1%
George Harrison
94.8%
Ringo Starr
94.8%
Ozzy Osbourne
94.8%
Robert Plant
94.2%
John Bonham
93.5%
Kurt Cobain
93.5%
Gene Simmons
93.5%
John Paul Jones
92.9%
Eric Clapton
92.9%
Dave Grohl
91.6%
Pete Townshend
89.6%
Roger Daltrey
89%
Keith Moon
89%
Lars Ulrich
88.3%
Roger Waters
85.1%
Krist Novoselic
85.1%
James Hetfield
84.4%
David Gilmour
84.4%
Kirk Hammett
83.1%
Paul Stanley
83.1%
John Entwistle
80.5%
Geddy Lee
79.9%
% Correct
Ace Frehley
79.2%
Billy Gibbons
78.6%
Peter Criss
77.3%
Ginger Baker
76.6%
Bruce Dickinson
75.3%
Neil Peart
75.3%
Tony Iommi
74.7%
Frank Beard
74.7%
Ritchie Blackmore
68.8%
Alex Lifeson
68.8%
Dusty Hill
68.8%
Nick Mason
68.2%
Jack Bruce
67.5%
Geezer Butler
66.9%
Ian Gillan
65.6%
Cliff Burton
62.3%
Richard Wright
59.7%
Adrian Smith
55.2%
Ian Paice
53.9%
Dave Murray
53.2%
Bill Ward
51.3%
Jon Lord
50.6%
Steve Harris
49.4%
Roger Glover
48.1%
Nicko McBrain
48.1%
Quiz Playlist
Details
Report
Send in Message
Add To Playlist
More Info:
Deep Purple 1969-73 Iron Maiden 1983-90 Metallica 1983-86 Black Sabbath 1970-78 Kiss 1973-80
Clickable:
Select answers by clicking on text or image buttons
Forced Order:
Answers have to be entered in order
Last Updated: Feb 16, 2017
Quiz Scoreboard
CHALLENGE
Sign Up to Join the Scoreboard
Show All
Scores
Hide
Comments
May contain spoilers
Recently Published
Find the 'City' Movie
by crazypaving
Movies
60s
5x2 Blitz: Bands
by SL_Kpop136
Music
30s
Colored Red Africa Blitz
by spor1
Geography
30s
More to Explore
Quiz From the Vault
Featured Blog Post
14 Easter Pick-up Lines to Find Eggs With
hide this ad
You Might Also Like...
Tags
Bands Quiz
Band Members
Rock Band
Rock Musicians
Today's Top Quizzes in Music
Browse Music
hide this ad
Today's Top Quizzes in Bands
Browse Bands
Top Contributed Quizzes in Music
1
5X2 Blitz: Bands II
2
Taylor Swift All Songs (2024)
3
5X2 Blitz: The Beatles
4
5X2 Blitz: Billboard
5
Taylor Swift Logic Puzzle
6
Taylor Swift Logic Puzzle II
7
5X2 Blitz: Album
8
5X2 Blitz: Billboard II
9
Music Artist by Three 2010s hits
10
5X2 Blitz: Rock
Explore More
Trending Topics
Anime
NBA
Harry Potter
Kpop
Crossword
Marvel
Disney
Pokémon
Country
WWE
Soccer
Song
Puzzle
The Office
NFL
hide this ad
More By:
boromir
Quiz
Plays
Rating
Category
Featured
Created
Planet Rock's Top 100 Rock Songs
4,929
4.65
Music
Jun 23, 2014
5 Star Actors-Star Wars
2,059
4.14
Movies
Mar 14, 2014
30 in 60: Anime Characters
2,033
2.50
Television
Mar 7, 2015
30 in 60: Rock Albums
1,951
4.45
Music
Jan 9, 2015
5 Star Sci Fi Movies
1,660
3.90
Movies
Jun 2, 2014
Go to Creator's Profile
Score Distribution
Quiz Creator Spotlight
boromir
Follow
Send a Message
Quizzes Created
-
Created Quiz Play Count
-
More By This Creator
Popular Quizzes Today
1
5x2 Blitz: Bands
2
Find the 'City' Movie
3
Colored Red Africa Blitz
4
Find the US States - No Outlines Minefield
5
The Countries of the World
6
Find the US States
7
9x9 Crossword: Cartoon Network
8
US States
More Music Quizzes
Top 100 Bands 1968
Curator's Pick
Trending Quizzes
Colored Red Africa Blitz II
Colored Red Europe Blitz I
Christmas Pick: Judaism
Colored Red Africa Blitz III
Colored Red Europe Blitz II
Recently Updated
Champions League XIs: Real Madrid
pecheneg
Largest US Cities 1790-2010
pecheneg
Rides in Walt Disney World
pecheneg
Most Oscar Losses (Acting)
pecheneg
Beyoncé Albums
pecheneg
Leaping Animals
pecheneg
Reality TV Shows (A-Z)
bhenderson79
Rickey Henderson's Hall of Fame Teammates
pecheneg
Champions League XIs: Arsenal
pecheneg
Quick Pick: Celebrities in WWE's Hall of Fame
aduchscher
Trending Topics
Anime
Disney
Harry Potter
NBA
Marvel
Kpop
Crossword
WWE
Puzzle
Country
Song
Soccer
NFL
Pokémon
The Office
Your Account Isn't Verified!
In order to create a playlist on Sporcle, you need to verify the email address you used during registration. Go to your
Sporcle Settings
to finish the process.
Report this User
Report this user for behavior that violates our
Community Guidelines
.
Details:
Send Report
Go to the Sporcle.com Mobile Site →
Comments